000 00414nam a2200181Ia 4500
001 559
005 20260306140526.0
008 260306t2009||||xx |||||||||||||| ||spa||
041 _aESP
082 _a128
_bB94
100 _aBurgos, Juan Manuel
_eAUT
245 0 _aAntropología :
_buna guía para la existencia
260 _c2009
300 _a
_c
650 _aGEN
654 _aCHU
942 _cLIB
_dJUS
_fJUS
_2ddc
_n
999 _c559
_d559